000 00422nam a22001457a 4500
020 _a0713103566
082 _a620.11
_bPET
_cL-39, P-40
100 _aPettit, T.
_940747
245 _aAppreciation of Materials and Design
_cPettit, T.
260 _aLondon
_bEdward Arnolod Publishers Ltd
_c1981
300 _a180 p. :
_bill, ;
_c24 cm.
526 _a0
_b0
_c0
_d620_110000000000000_PET
650 _aMCE
_9379
942 _2ddc
_cBK
999 _c544997
_d544997